[Event "TCh-AUT 1st Bundesliga 2007-8"]
[Site "Jenbach AUT"]
[Date "2008.01.12"]
[Round "6"]
[White "Beliavsky,A"]
[Black "Shengelia,D"]
[Result "1/2-1/2"]
[WhiteElo "2638"]
[BlackElo "2568"]

1.d4 d5 2.c4 c6 3.Nf3 Nf6 4.Nc3 dxc4 5.a4 Bf5 6.e3 e6 7.Bxc4 Bb4 8.O-O Nbd7
9.Qe2 Bg6 10.e4 O-O 11.Bd3 Qa5 12.Bf4 Rfe8 13.h3 a6 14.Rfc1 Bf8 15.Nd2 c5
16.Nc4 Qd8 17.dxc5 e5 18.Bg5 Nxc5 19.Rd1 Nb3 20.Rab1 Nd4 21.Qf1 b5 22.axb5 axb5
23.Ne3 Qb6 24.Bxf6 Qxf6 25.Nxb5 Nxb5 26.Bxb5 Reb8 27.Ng4 Qb6 28.Bc4 Bxe4
29.Bxf7+ Kh8 30.Rbc1 Qxb2 31.Re1 Qb7 32.Bc4 Bd6 33.Rcd1 Rd8 34.Rxe4 Qxe4
35.Bd5 Qg6 36.Bxa8 Rxa8 37.Qb5 Rf8 38.Qb6 Be7 39.Qxg6 hxg6 40.Nxe5 Kh7 41.Rd7 Bf6
42.Ng4 g5 43.g3 Kg6 44.Kg2 Ra8 45.Rd5 Ra6 46.Ne3 Rb6 47.Nf5 Ra6 48.Nd6 Ra4
49.Kf3 Ra3+ 50.Ke4 Ra4+ 51.Ke3 Ra8 52.Kf3 Ra3+ 53.Kg2 Ra4 54.Nf5 Ra6 55.Ne3 Rb6
56.Rd3 Ra6 57.Kf3 Ra4 58.Nf1 Ra1 59.Nd2 Ra4 60.Ne4 Rb4 61.Re3 Ra4 62.Re2 Kh5
63.Nc5 Rc4 64.Nd3 Ra4 65.Re6 Ra3 66.Ke3 Kg6 67.Rc6 Kf5 68.Rc5+ Kg6 69.Rd5 Kf7
70.Rb5 Kg6 71.Ke4 Kh7 72.Rd5 Kg6 73.f4 gxf4 74.Kxf4 Ra4+ 75.Kf3 Rd4 76.Nf4+ Kf7
77.Rb5 Ra4 78.h4 Kg8 79.Kg4 Bc3 80.Kh5 Ra5 81.Rxa5 Bxa5 82.Kg6 Bc3 83.g4 Be1
84.h5 Bc3 85.g5 Bd2 86.Ne6 Bc1 87.Kf5 Kh7 88.g6+ Kg8 89.Ke5 Bb2+ 90.Kd6 Ba3+
91.Kd7 Bb2 92.Ke8 Bc3 93.Ng5 Bb2 94.Nf7 Bc3 95.Nd6 Bb2 96.Nf5 Bc3 97.Ne7+ Kh8
98.Kf7 Bb2 99.Nf5 Bc3 100.h6 gxh6 101.Nxh6 Bb2 102.Ng4 Bg7 103.Nf6 Bh6 104.Nh5 Bg7  1/2-1/2

[Event "TCh-AUT 1st Bundesliga 2007-8"]
[Site "Graz AUT"]
[Date "2008.03.16"]
[Round "11"]
[White "Ragger,M"]
[Black "Beliavsky,A"]
[Result "0-1"]
[WhiteElo "2530"]
[BlackElo "2638"]

1.e4 e5 2.Nf3 Nc6 3.Bb5 a6 4.Ba4 Nf6 5.O-O Be7 6.Re1 b5 7.Bb3 O-O 8.c3 d5
9.exd5 Nxd5 10.Nxe5 Nxe5 11.Rxe5 c6 12.d3 Bd6 13.Re1 Qh4 14.g3 Qh3 15.Re4 Nf6
16.Rh4 Qf5 17.Bf4 Be7 18.Bc2 Qg6 19.d4 Bf5 20.Bxf5 Qxf5 21.Be5 Nd5 22.g4 Qg6
23.Rh3 f6 24.Bg3 f5 25.gxf5 Rxf5 26.Kh1 h5 27.Be5 Rxf2 28.Rg3 Bg5 29.Nd2 h4
30.Rg1 Ne3 31.Qe1 Qf7 32.Qxf2 Qxf2 33.Rxg5 Ra7  0-1

[Event "IX EICC"]
[Site "Plovdiv BUL"]
[Date "2008.04.23"]
[Round "3"]
[White "Zhigalko,S"]
[Black "Beliavsky,A"]
[Result "1/2-1/2"]
[WhiteElo "2568"]
[BlackElo "2641"]

1.e4 e5 2.Nf3 Nc6 3.Bb5 a6 4.Ba4 Nf6 5.O-O Be7 6.Re1 b5 7.Bb3 O-O 8.h3 Bb7
9.d3 d6 10.a3 Na5 11.Ba2 c5 12.Nbd2 Bc8 13.Nf1 Be6 14.Ne3 Nc6 15.Nd5 Nd4
16.Nxe7+ Qxe7 17.c3 Nxf3+ 18.Qxf3 Nd7 19.Be3 Rac8 20.Bxe6 fxe6 21.Qe2 d5
22.d4 exd4 23.cxd4 dxe4 24.dxc5 Nxc5 25.Bxc5 Qxc5 26.Rad1 Rf4 27.Rd2 h6 28.Qe3 Qxe3
29.Rxe3 Rc1+ 30.Kh2 Rf1 31.Ree2 e5 32.Rc2 Rf6 33.Kg3 Rg6+  1/2-1/2

[Event "IX EICC"]
[Site "Plovdiv BUL"]
[Date "2008.04.30"]
[Round "9"]
[White "Nevednichy,V"]
[Black "Beliavsky,A"]
[Result "1-0"]
[WhiteElo "2558"]
[BlackElo "2641"]

1.e4 e5 2.Bc4 Nf6 3.d3 c6 4.Nf3 d5 5.Bb3 Bd6 6.exd5 Nxd5 7.O-O O-O 8.Re1 Nd7
9.Nbd2 Bc7 10.Ne4 Re8 11.h3 h6 12.Bd2 Nf8 13.Nh2 f5 14.Qh5 Nh7 15.Nf3 Rf8
16.Nc3 f4 17.Qh4 Ng5 18.Nxg5 hxg5 19.Qh5 Bf5 20.Nxd5 cxd5 21.Bc3 Re8 22.Qf3 Be6
23.Bxe5 Ba5 24.c3 Bf7 25.Qg4 Re6 26.Bd4 Qe7 27.Rxe6  1-0

[Event "IX EICC"]
[Site "Plovdiv BUL"]
[Date "2008.05.01"]
[Round "10"]
[White "Shanava,K"]
[Black "Beliavsky,A"]
[Result "1/2-1/2"]
[WhiteElo "2519"]
[BlackElo "2641"]

1.e4 e5 2.Nf3 Nc6 3.Bc4 Nf6 4.d3 Be7 5.O-O O-O 6.Bb3 h6 7.Re1 Re8 8.a3 Bf8
9.Nc3 d6 10.h3 Ne7 11.d4 Ng6 12.dxe5 dxe5 13.Qxd8 Rxd8 14.Be3 c6 15.Rad1 Re8
16.Nd2 b5 17.Ne2 Nd7 18.Ba2 Nc5 19.b4 Na4 20.Bb3 a5 21.Bxa4 bxa4 22.bxa5 Be6
23.Bb6 Bxa3 24.Rb1 Be7 25.c4 Nf8 26.Nc3 a3 27.Rb3 Nd7 28.Ra1 Nxb6 29.axb6 Red8
30.Ra2 Rdb8 31.Ncb1 Bc5 32.b7 Ra7 33.Nxa3 Raxb7 34.Rxb7 Rxb7 35.Nc2 Kf8 36.Kf1 Ke7
37.Ke2 g6 38.Ne1 f5 39.Nd3 Bd4 40.f3 Rb8 41.Ra6 Kd6 42.Ra4 f4 43.Ra5 h5 44.c5+ Ke7
45.Ra7+ Kf6 46.Ra6 Rc8 47.h4 g5 48.hxg5+ Kxg5 49.Nb4 Bxc5 50.Rxc6 Bd7 51.Rxc8 Bxc8
52.Nd5 Ba6+ 53.Ke1 Kh4 54.Nf1 Kg5 55.Nc7 Bc4 56.Nd5 Kg6 57.Nd2 Bd3 58.Nf1 Kf7
59.Nh2 Bc4 60.Nf1 Ke6 61.Nh2 Bg1 62.Nf1 Kd6 63.g3 Bxd5 64.exd5 Bb6 65.gxf4 exf4
66.Ke2 Kxd5 67.Nd2 h4 68.Ne4 h3 69.Kf1  1/2-1/2

[Event "III President's Cup"]
[Site "Baku AZE"]
[Date "2008.05.12"]
[Round "1"]
[White "Ni,V"]
[Black "Beliavsky,A"]
[Result "0-1"]
[WhiteElo "2120"]
[BlackElo "2641"]

1.d4 e6 2.c4 b6 3.Nf3 Bb7 4.g3 Bxf3 5.exf3 Bb4+ 6.Bd2 Bxd2+ 7.Nxd2 Nc6 8.Nb3 d5
9.c5 Nge7 10.Rc1 O-O 11.Bd3 a5 12.cxb6 cxb6 13.Bb1 Qd6 14.O-O a4 15.Na1 g6
16.Qd2 Rfc8 17.Nc2 Nf5 18.f4 Qe7 19.Rfd1 Rc7 20.g4 Nd6 21.Ne3 Nb5 22.Rxc6 Rxc6
23.Qe2 Qb4 24.a3 Nxd4  0-1

[Event "III President's Cup"]
[Site "Baku AZE"]
[Date "2008.05.13"]
[Round "2"]
[White "Beliavsky,A"]
[Black "Mammadov,A"]
[Result "1-0"]
[WhiteElo "2641"]
[BlackElo "2333"]

1.d4 d5 2.c4 e6 3.Nf3 Nf6 4.g3 dxc4 5.Bg2 a6 6.O-O c5 7.dxc5 Qxd1 8.Rxd1 Nc6
9.Nfd2 Bd7 10.Nxc4 Bxc5 11.Nc3 O-O 12.Bf4 Rad8 13.Bc7 Rc8 14.Bd6 Bxd6 15.Nxd6 Rc7
16.Rac1 Ne8 17.Nce4 Nxd6 18.Nxd6 Rb8 19.b4 b5 20.a3 Kf8 21.Ne4 Be8 22.Nd6 Bd7
23.f4 Ke7 24.e4 Ra7 25.e5 Nd8 26.Be4 h6 27.Rc5 f6 28.exf6+ Kxf6 29.Bf3 Nf7
30.Ne4+ Ke7 31.Rc2 Rb6 32.Nc5 Rd6 33.Re1 Rc7 34.Rce2 Nd8 35.f5 Kf7 36.Bh5+ Kg8
37.fxe6  1-0

[Event "III President's Cup"]
[Site "Baku AZE"]
[Date "2008.05.15"]
[Round "4"]
[White "Beliavsky,A"]
[Black "Morchiashvili,B"]
[Result "1-0"]
[WhiteElo "2641"]
[BlackElo "2421"]

1.d4 Nf6 2.c4 e6 3.Nc3 Bb4 4.Qc2 O-O 5.a3 Bxc3+ 6.Qxc3 b6 7.Bg5 Bb7 8.e3 d6
9.Ne2 Nbd7 10.Qc2 c5 11.Rd1 Rc8 12.Nc3 a6 13.d5 exd5 14.Nxd5 b5 15.f3 Qa5+
16.Qc3 Qxc3+ 17.Nxc3 b4 18.Na2 d5 19.axb4 cxb4 20.cxd5 Nxd5 21.e4 Rfe8 22.Nxb4 Nxb4
23.Rxd7 Bc6 24.Re7 f5 25.Rxe8+ Rxe8 26.Bd2 a5 27.Bc4+ Kh8 28.O-O fxe4 29.fxe4 Bxe4
30.Rf7 Bd5 31.Bxd5 Nxd5 32.Bxa5 Kg8 33.Rd7 Ne3 34.Bc3 Nf5 35.g4  1-0

[Event "III President's Cup"]
[Site "Baku AZE"]
[Date "2008.05.19"]
[Round "8"]
[White "Wohl,A"]
[Black "Beliavsky,A"]
[Result "0-1"]
[WhiteElo "2412"]
[BlackElo "2641"]

1.Nf3 d6 2.d4 Bg4 3.c4 Nd7 4.Nc3 e5 5.e3 Ngf6 6.Be2 c6 7.Qc2 Be7 8.O-O O-O
9.b3 Re8 10.Bb2 Bf8 11.dxe5 dxe5 12.Rad1 Qc7 13.Ne4 Nxe4 14.Qxe4 f5 15.Qc2 e4
16.Nh4 Bxe2 17.Qxe2 g6 18.g4 Be7 19.Ng2 Ne5 20.Bxe5 Qxe5 21.gxf5 Qxf5 22.f3 Rad8
23.fxe4 Qxe4 24.Rxd8 Rxd8 25.Rd1 Rf8 26.Qd3 Qg4 27.Rf1 Rd8 28.Qc2 Bd6 29.c5 Be7
30.e4 Qg5 31.b4 Bf6 32.Rd1 Rd4 33.Rxd4 Bxd4+ 34.Kf1 Kg7 35.Ke1 Be5 36.h4 Qg4
37.Kf1 Qf3+ 38.Kg1 Bd4+ 39.Kh2 Qc3 40.Qxc3 Bxc3 41.Nf4 Bxb4 42.Nd3 Bd2  0-1

[Event "4th ch-EU"]
[Site "Liverpool ENG"]
[Date "2008.09.12"]
[Round "4"]
[White "Beliavsky,A"]
[Black "Collins,S IRL"]
[Result "1-0"]
[WhiteElo "2606"]
[BlackElo "2412"]

1.d4 d5 2.c4 e6 3.Nc3 Be7 4.Nf3 Nf6 5.Bg5 O-O 6.e3 h6 7.Bh4 Ne4 8.Bxe7 Qxe7
9.Rc1 c6 10.Bd3 Nxc3 11.Rxc3 dxc4 12.Bxc4 Nd7 13.O-O b6 14.Qe2 Bb7 15.Ba6 Bxa6
16.Qxa6 c5 17.Rfc1 Rfd8 18.b4 Nb8 19.Qb5 cxb4 20.Rc7 Qe8 21.Qe2 a5 22.Ne5 Nd7
23.Nc6 Nf6 24.Nxd8 Rxd8 25.e4 Rxd4 26.e5 Nh7 27.Rc8 Rd8 28.Qa6 Nf8 29.Qa8 Rxc8
30.Rxc8 Qe7 31.Qb8 a4 32.Qd6 Qxd6 33.exd6 b3 34.axb3 axb3 35.Rb8 f6 36.Rxb6  1-0

[Event "4th ch-EU"]
[Site "Liverpool ENG"]
[Date "2008.09.13"]
[Round "5"]
[White "Gormally,D"]
[Black "Beliavsky,A"]
[Result "1-0"]
[WhiteElo "2504"]
[BlackElo "2606"]

1.e4 e5 2.Nf3 Nc6 3.Bb5 a6 4.Ba4 Nf6 5.O-O Be7 6.Re1 b5 7.Bb3 O-O 8.h3 Bb7
9.d3 d5 10.exd5 Nxd5 11.Nxe5 Nd4 12.Nc3 Nxb3 13.axb3 Nb4 14.Bf4 Qd4 15.Bg3 Bd6
16.Ne2 Qc5 17.c3 Bxe5 18.Bxe5 Qxe5 19.cxb4 Rad8 20.Qd2 Rd7 21.Rac1 h6 22.Rc5 Qd6
23.Nf4 g5 24.Nh5 Qg6 25.Ng3 Rxd3 26.Qc1 Bd5 27.Rxc7 Rxb3 28.Qc5 Be6 29.Ne4 Rd3
30.Qe7 Rfd8 31.Nf6+ Kh8 32.Rxe6 Rd1+ 33.Kh2 Qf5 34.Ng4  1-0

[Event "4th ch-EU"]
[Site "Liverpool ENG"]
[Date "2008.09.14"]
[Round "6"]
[White "Beliavsky,A"]
[Black "Logothetis,S"]
[Result "1-0"]
[WhiteElo "2606"]
[BlackElo "2318"]

1.d4 Nf6 2.c4 e6 3.Nf3 Bb4+ 4.Bd2 c5 5.Bxb4 cxb4 6.g3 O-O 7.Bg2 d6 8.O-O Nc6
9.a3 bxa3 10.Nxa3 e5 11.Nb5 a6 12.d5 Nb4 13.Qd2 a5 14.Ne1 Qb6 15.Nd3 Nxd3
16.exd3 Bd7 17.Nc3 Qc5 18.Rfc1 Rfc8 19.h3 h6 20.Kh2 Qd4 21.Qe3 Qc5 22.Qxc5 dxc5
23.Re1 Re8 24.Re3 a4 25.Bf3 Rab8 26.Rae1 b5 27.cxb5 Bxb5 28.Rxe5 Rxe5 29.Rxe5 Bd7
30.Re2 Rb3 31.Rc2 a3 32.bxa3 Rxa3 33.Kg2 g5 34.Ne4 Nxe4 35.dxe4 Bxh3+ 36.Kxh3 Rxf3
37.Kg4 Rd3 38.Rxc5 Kg7 39.f4 gxf4 40.gxf4 h5+ 41.Kf5 h4 42.Rc1 h3 43.Rh1 Kf8
44.Kf6 Ke8 45.e5 Rxd5 46.Rxh3 Rd4 47.f5 Rf4 48.Rh8+ Kd7 49.Rf8  1-0

[Event "4th ch-EU"]
[Site "Liverpool ENG"]
[Date "2008.09.16"]
[Round "8"]
[White "Beliavsky,A"]
[Black "Gordon,S"]
[Result "1/2-1/2"]
[WhiteElo "2606"]
[BlackElo "2508"]

1.d4 Nf6 2.c4 e6 3.Nf3 d5 4.Nc3 c6 5.Bg5 h6 6.Bh4 dxc4 7.e4 g5 8.Bg3 b5 9.Be2 Bb7
10.O-O Nbd7 11.Ne5 h5 12.Nxd7 Qxd7 13.Be5 Rh6 14.Qc1 Ng4 15.Bxg4 hxg4 16.Qxg5 Rg6
17.Qh4 a6 18.a4 Qe7 19.Qg3 f6 20.Bf4 c5 21.dxc5 Qxc5 22.axb5 axb5 23.Rxa8+ Bxa8
24.Be3 Qc8 25.Nxb5 Bxe4 26.Nd6+ Bxd6 27.Qxd6 Kf7 28.Ra1 Bb7 29.Ra7 Rg7 30.Bh6 Rh7
31.Bd2 Kg8 32.Qf4 Rf7 33.Ra3 e5 34.Qg3 Qf5 35.Ra1 Rd7 36.Be3 Qe4 37.Re1 Rg7
38.Bd2 Qd5 39.Bc3 Kf7 40.Kh1 Rg5 41.Rg1 Kg6 42.Qh4 Qd7 43.Qh8 Rh5 44.Qg8+ Kf5
45.Re1 Bd5 46.Qf8 Kg6 47.Kg1 Rh7 48.Rd1 Qf5 49.Qe8+ Bf7 50.Qc6 Qh5 51.Qe4+ Kg7
52.Rd7 Qxh2+ 53.Kf1 Qh5 54.Ke2 Qg6 55.Qxg6+ Kxg6 56.Rd6 Kf5 57.Rd7 Ke6 58.Rc7 Kf5
59.Ke3 Kg6 60.f4 gxf3 61.gxf3 Rh4 62.Rd7 Rh3 63.Kf2 Be6 64.Rd6 Kf5 65.Kg2 Rh7
66.Kg3 Rg7+ 67.Kf2 Rg8 68.Ke3 Rg2 69.Rd2 Rg8 70.Rd6 Bf7 71.Kf2 Rg6 72.Bd2 Be6
73.Bc3 Rh6 74.Kg3 Bf7 75.Rd1 Rh8 76.Rd6 Rh1 77.Kg2 Rh4 78.Kg3 Rf4 79.Bd2 Rd4
80.Rxd4 exd4 81.Kf2 Bh5 82.Ke2 Ke5 83.Bh6 Kd5 84.Bg7 f5 85.Kf2 Kc5  1/2-1/2

[Event "24th ECC"]
[Site "Kallithea GRE"]
[Date "2008.10.17"]
[Round "1"]
[White "Raisanen,K"]
[Black "Beliavsky,A"]
[Result "0-1"]
[WhiteElo "2174"]
[BlackElo "2619"]

1.c4 e6 2.g3 d5 3.Bg2 Nf6 4.Nf3 Be7 5.O-O O-O 6.d4 dxc4 7.Ne5 Nc6 8.Nxc6 bxc6
9.Bxc6 Rb8 10.Bg2 Qd7 11.e3 Nd5 12.Nc3 Rd8 13.Nxd5 exd5 14.b3 Ba6 15.bxc4 Bxc4
16.Re1 Rb6 17.Bd2 Rdb8 18.Bc3 Ba3 19.e4 h6 20.exd5 Bxd5 21.Bxd5 Qxd5 22.Qa4 Bd6
23.Re8+ Rxe8 24.Qxe8+ Kh7 25.Qe2 h5 26.Re1 Rc6 27.Bb2 g6 28.Bc1 Qf5 29.Qe3 Bf8
30.Qf4 Re6 31.Re5 Rxe5 32.Qxe5 Qc2 33.Bf4 Qb1+ 34.Kg2 Qxa2 35.Qxc7 Qd5+ 36.Kg1 a5
37.Qe5 Qxe5 38.dxe5 Bh6 39.Kf1 Bxf4 40.gxf4 a4  0-1

[Event "24th ECC"]
[Site "Kallithea GRE"]
[Date "2008.10.19"]
[Round "3"]
[White "Atlas,D"]
[Black "Beliavsky,A"]
[Result "0-1"]
[WhiteElo "2322"]
[BlackElo "2619"]

1.e4 c5 2.c3 e6 3.d4 d5 4.exd5 exd5 5.Bd3 Nc6 6.Ne2 Nf6 7.O-O Bd6 8.dxc5 Bxc5
9.Bg5 O-O 10.Qc2 h6 11.Bh4 Qd6 12.Nd2 Re8 13.Rae1 Bd7 14.Nb3 Bb6 15.Ned4 Nh5
16.Bh7+ Kh8 17.Bf5 Nxd4 18.Nxd4 Bxd4 19.cxd4 Nf4 20.Bg3 Bb5 21.Bxf4 Qxf4
22.Bd3 Rec8 23.Qb3 Bxd3 24.Qxd3 Rc4 25.Rd1 Re8 26.b3 Rc7 27.g3 Qe4 28.Qxe4 dxe4
29.Rd2 f5 30.d5 Kg8 31.Re1 Kf7 32.Re3 Rec8 33.f3 Rc1+ 34.Kf2 R1c2 35.Ree2 Rxd2
36.Rxd2 exf3 37.Kxf3 Rc3+ 38.Kg2 Ke7 39.Re2+ Kd6 40.Re6+ Kxd5 41.Re7 g5 42.Rxb7 Rc2+
43.Kf3 g4+ 44.Kf4 Rf2+ 45.Ke3 Rxa2 46.Kf4 Rf2+ 47.Ke3 Rxh2 48.Rxa7 Rg2 49.Ra5+ Ke6  0-1

[Event "24th ECC"]
[Site "Kallithea GRE"]
[Date "2008.10.20"]
[Round "4"]
[White "Beliavsky,A"]
[Black "Vydeslaver,Ali"]
[Result "1/2-1/2"]
[WhiteElo "2619"]
[BlackElo "2399"]

1.d4 d5 2.c4 e6 3.Nc3 c6 4.e3 f5 5.Nf3 Nf6 6.Bd3 Bd6 7.O-O O-O 8.Ne2 Ne4
9.Ne1 b6 10.f3 Nf6 11.cxd5 cxd5 12.Bd2 Qd7 13.Rc1 Ba6 14.Qb3 Rc8 15.Rxc8+ Qxc8
16.Bb4 Bc4 17.Qa3 Bxb4 18.Qxb4 Nc6 19.Qa3 Qf8 20.Qc3 Rc8 21.b3 Bxd3 22.Qxd3 Qd6
23.Qd2 Nb4 24.a3 Nc6 25.b4 Qd7 26.Nd3 Ne8 27.Ne5 Nxe5 28.dxe5 Rc4 29.Nd4 Nc7
30.g4 fxg4 31.fxg4 h6 32.Qf2 Qe7 33.h4 Nb5 34.Kh2 Nxd4 35.exd4 Rc3 36.Rg1 Qf7
37.Qxf7+ Kxf7 38.Rg3 Rc1 39.Rd3 Ke7 40.Kg3 Rg1+ 41.Kf3 Kd7 42.h5 Rh1 43.Kg3 Rc1
44.Rf3 Ke7 45.Rd3 Rg1+ 46.Kh4  1/2-1/2

[Event "24th ECC"]
[Site "Kallithea GRE"]
[Date "2008.10.21"]
[Round "5"]
[White "Beliavsky,A"]
[Black "Roskar,R"]
[Result "1-0"]
[WhiteElo "2619"]
[BlackElo "2269"]

1.d4 Nf6 2.c4 e6 3.Nf3 b6 4.g3 Bb4+ 5.Bd2 Qe7 6.Bg2 Bb7 7.O-O Bxd2 8.Qxd2 O-O
9.Nc3 d6 10.d5 e5 11.e4 a5 12.Nh4 Bc8 13.Rae1 Na6 14.f4 Ne8 15.Nf5 Bxf5 16.exf5 Rb8
17.Nb5 Qf6 18.Na7 exf4 19.Rxf4 Qg5 20.Nc6 Ra8 21.h4 Qh6 22.Qf2 Nc5 23.Re3 Kh8
24.g4 g5 25.fxg6 hxg6 26.g5 Qg7 27.h5 gxh5 28.Rh3 Qxg5 29.Rf5 Qc1+ 30.Kh2 Ng7
31.Rfxh5+ Nxh5 32.Qf6+  1-0

[Event "TCh-HUN 2008-9"]
[Site "Budapest HUN"]
[Date "2008.11.30"]
[Round "3"]
[White "Balog,I1"]
[Black "Beliavsky,A"]
[Result "1/2-1/2"]
[WhiteElo "2423"]
[BlackElo "2619"]

1.Nf3 Nf6 2.c4 e6 3.g3 d5 4.Bg2 Be7 5.O-O O-O 6.b3 b6 7.Bb2 Bb7 8.d4 Nbd7
9.cxd5 Nxd5 10.Nbd2 c5 11.Rc1 Rc8 12.Nc4 N5f6 13.dxc5 Rxc5 14.b4 Rc7 15.a3 Qa8
16.Qd4 Rd8 17.Rfd1 Nf8 18.Qf4 Rcc8 19.Nce5 Rxd1+ 20.Rxd1 Ng6 21.Nxg6 hxg6
22.Rc1 Rxc1+ 23.Qxc1 Ne8 24.Ne1 Bxg2 25.Nxg2 b5 26.Bd4 a6 27.Bc5 Bf6 28.Qc2 Qc6
29.Ne3 Nd6 30.Qd3 Ne4 31.Bd4 Bg5 32.f3 Nd6 33.Nc2 Nc4 34.Bc5 Qd5 35.Qxd5 exd5
36.e3 Bf6 37.Bd4 Bxd4 38.exd4 f6 39.Kf2 Kf7 40.Ke2 Ke6 41.Kd3 g5 42.Na1 a5
43.bxa5 Nxa5 44.Kc3 Nc4 45.Kb4 Kd6 46.Nb3 Kc6 47.Na5+ Kb6 48.Nb3 Ne3 49.Kc3 Nf1
50.Kd3 Nxh2 51.Ke2 g4 52.f4 f5 53.Kf2 Nf3 54.Ke3 g6 55.Kd3 Kc6 56.Ke3 Kd6
57.Nc1 Ke6 58.Ne2 g5 59.fxg5 Nxg5 60.Nc3 Ne4 61.Nxb5 Nxg3 62.a4 Ne4 63.a5 Kd7
64.a6 Kc6 65.a7 Kb7 66.Nc7 Kxa7 67.Nxd5  1/2-1/2

[Event "TCh-SLO"]
[Site "Murska Sobota SLO"]
[Date "2008.12.07"]
[Round "2"]
[White "Beliavsky,A"]
[Black "Kovacevic,A"]
[Result "1/2-1/2"]
[WhiteElo "2619"]
[BlackElo "2581"]

1.d4 Nf6 2.c4 e6 3.Nf3 c5 4.d5 d6 5.Nc3 exd5 6.cxd5 g6 7.e4 Bg7 8.Be2 O-O
9.O-O Re8 10.Nd2 Nbd7 11.a4 Ne5 12.Ra3 g5 13.Qc2 a6 14.Re1 Nfd7 15.Nd1 Nf8
16.Nf1 Nfg6 17.Ng3 Nh4 18.Ne3 Neg6 19.Nef5 Be5 20.Nh6+ Kf8 21.Nhf5 Qf6  1/2-1/2

[Event "TCh-SLO"]
[Site "Murska Sobota SLO"]
[Date "2008.12.10"]
[Round "5"]
[White "Dizdar,G"]
[Black "Beliavsky,A"]
[Result "1/2-1/2"]
[WhiteElo "2551"]
[BlackElo "2619"]

1.d4 Nf6 2.Nf3 e6 3.c4 d5 4.e3 Be7 5.b3 O-O 6.Bd3 b6 7.O-O Bb7 8.Bb2 Nbd7
9.Nc3 Re8 10.Rc1 Bf8 11.Qe2 c5 12.cxd5 exd5 13.Rfd1 a6 14.Bf5 cxd4 15.Nxd4 Nc5
16.b4 Ncd7 17.Na4 Ne5 18.Nf3 Nxf3+ 19.Qxf3 Bxb4 20.Bd4 Ba5 21.Qg3 Nh5 22.Qc7 Re7
23.Qxd8+ Rxd8 24.Nxb6 Nf6 25.f3 Ne8 26.Bd3  1/2-1/2

[Event "TCh-SLO"]
[Site "Murska Sobota SLO"]
[Date "2008.12.13"]
[Round "8"]
[White "Beliavsky,A"]
[Black "Gyimesi,Z"]
[Result "1/2-1/2"]
[WhiteElo "2619"]
[BlackElo "2592"]

1.d4 Nf6 2.c4 e6 3.Nf3 d5 4.g3 dxc4 5.Bg2 c5 6.O-O Nc6 7.Ne5 Bd7 8.Na3 cxd4
9.Naxc4 Be7 10.Qb3 Qc8 11.Qd1 Qd8 12.Qb3 Qc8 13.Qd1 Qd8 14.Qb3 Qc8 15.Bf4 O-O
16.Rac1 Nd5 17.Nxc6 bxc6 18.Be5 c5 19.Bd6 Bxd6 20.Nxd6 Qa6 21.Ne4 Rab8 22.Qc2 Qxa2
23.Qxc5 Qxb2 24.Qxa7 Rfd8 25.Rcd1 e5 26.e3 Qb6 27.Qxb6 Nxb6 28.exd4 Bb5 29.Rfe1 exd4
30.Nd2 Na4 31.Ra1 Nc3 32.Bf1 d3 33.f3 g6 34.Ra3 Rbc8 35.Kf2 Ba4 36.Re7 Kf8
37.Rb7 Kg7 38.Rb4 Nd1+ 39.Ke1 Re8+ 40.Re4 Nc3 41.Rxe8 Rxe8+ 42.Kf2 Nd1+ 43.Kg1 Nb2
44.Ra2 Rb8 45.Bxd3 Nxd3 46.Rxa4 Rb2 47.Ne4 Rb1+ 48.Kg2 Rb3 49.f4 Rb2+ 50.Kg1 Ne1
51.Ra3 Nc2 52.Rd3 Rb4  1/2-1/2

[Event "TCh-HUN 2008-9"]
[Site "Paks HUN"]
[Date "2009.01.25"]
[Round "6"]
[White "Beliavsky,A"]
[Black "Berescu,A"]
[Result "1-0"]
[WhiteElo "2619"]
[BlackElo "2505"]

1.d4 Nf6 2.c4 e6 3.Nf3 d5 4.g3 dxc4 5.Bg2 Bb4+ 6.Bd2 a5 7.O-O O-O 8.Bg5 b5
9.Ne5 Ra6 10.Nc3 Bxc3 11.bxc3 a4 12.Rb1 Rb6 13.e4 h6 14.Be3 Nfd7 15.f4 Rb7
16.Qh5 Qe7 17.f5 exf5 18.exf5 Rb6 19.Rbe1 Nf6 20.Qh4 Qa3 21.Bxh6 gxh6 22.Qxh6 Qxc3
23.Qg5+ Kh8 24.Ng6+ fxg6 25.Qh6+ Kg8 26.Re7 Qxd4+ 27.Kh1  1-0

[Event "7th Gibtelecom Masters"]
[Site "Caleta ENG"]
[Date "2009.01.27"]
[Round "1"]
[White "Beliavsky,A"]
[Black "Carlhammar,M"]
[Result "1-0"]
[WhiteElo "2646"]
[BlackElo "2350"]

1.d4 Nf6 2.c4 d6 3.Nc3 Nbd7 4.e4 e5 5.Nf3 Be7 6.Be2 O-O 7.O-O c6 8.Qc2 Re8
9.Rd1 Qc7 10.h3 Nf8 11.Be3 Ng6 12.Rac1 Bd7 13.b4 Rac8 14.Qb1 Qb8 15.a4 Red8
16.a5 Be8 17.d5 cxd5 18.cxd5 h6 19.Nb5 Bxb5 20.Bxb5 a6 21.Bc4 Rd7 22.g3 Bd8
23.Bf1 Rdc7 24.Nd2 Rxc1 25.Rxc1 Rxc1 26.Qxc1 Qc7 27.Qxc7 Bxc7 28.h4 Nf8 29.Bh3 N8d7
30.g4 Nb8 31.g5 hxg5 32.hxg5 Nfd7 33.Nc4 Kf8 34.Kf1 Ke7 35.Ke2 Kd8 36.f4 f6
37.Kf3 Nf8 38.gxf6 gxf6 39.fxe5 fxe5 40.Bg5+ Ke8 41.Bc8 Nfd7 42.Bxb7  1-0

[Event "TCh-HUN 2008-9"]
[Site "Szombathely HUN"]
[Date "2009.02.22"]
[Round "8"]
[White "Beliavsky,A"]
[Black "Nemeth,Mi1"]
[Result "1/2-1/2"]
[WhiteElo "2619"]
[BlackElo "2479"]

1.d4 Nf6 2.c4 e6 3.Nc3 Bb4 4.Qc2 O-O 5.e4 d5 6.e5 Ne4 7.Bd3 c5 8.Ne2 Nc6
9.O-O cxd4 10.Nxe4 dxe4 11.Bxe4 Nxe5 12.Bxh7+ Kh8 13.Bd3 Bc5 14.Nf4 Bd6 15.Qe2 Nxd3
16.Nxd3 Bd7 17.b3 Bc6 18.Bb2 Qf6 19.f4 Rad8 20.Rad1 Kg8 21.Qf2 Bc7 22.Rfe1 Bb6
23.Ne5 Ba5 24.Rf1 Bc3 25.Qc2 Qf5 26.Qc1 Bxb2 27.Qxb2 d3 28.Qf2 Be4 29.Qe3 f6
30.Nf3 Qg6 31.Rf2 Rf7 32.Nd2 f5 33.Qxa7 Rfd7 34.Qe3 Rd4 35.h3 Qh6 36.Re1 Qf6
37.a4 Qe7 38.Qg3 Bc6 39.Re3 Kf7 40.Kh2 Qd6 41.Qg5 Qe7 42.Qh5+ g6 43.Qh7+ Kf6
44.Qh6 Kf7 45.b4 Be4 46.Rf1 Rg8 47.b5 Qb4 48.Rf2 Qxa4 49.Qh7+ Rg7 50.Qh8 Qb4
51.Qb8 Rg8 52.Qe5 Rgd8 53.Nf3 Bxf3 54.Qxe6+ Kg7 55.Rfxf3 Qd6 56.Rg3 Qxe6
57.Rxe6 d2 58.Rgxg6+ Kf7 59.Rgf6+  1/2-1/2

[Event "10th EICC"]
[Site "Budva MNE"]
[Date "2009.03.14"]
[Round "8"]
[White "Beliavsky,A"]
[Black "Lopez Martinez,Josep"]
[Result "1/2-1/2"]
[WhiteElo "2646"]
[BlackElo "2540"]

1.d4 Nf6 2.c4 g6 3.Nc3 Bg7 4.e4 d6 5.Bg5 c6 6.f4 h6 7.Bh4 Nh5 8.Nge2 a6 9.h3 b5
10.g4 Nf6 11.e5 dxe5 12.dxe5 Nfd7 13.e6 fxe6 14.Qc2 Kf7 15.O-O-O Qa5 16.Bg2 Rd8
17.Kb1 Nf8 18.Rxd8 Qxd8 19.Ne4 Ra7 20.Rc1 bxc4 21.Qxc4 a5 22.N2c3 Ba6 23.Qa4 Rb7
24.Rd1 Bd3+ 25.Ka1 Qb6 26.Qb3 Qc7 27.Qa3 Bxe4 28.Bxe4 Qxf4 29.Bd3 Qh2 30.Na4 Kg8
31.Bxe7 Qxh3 32.Be2 Qh2 33.Bc4 Nbd7 34.Bb3 Qg2 35.Rb1 Qxg4 36.Qd6 Kh7 37.Qxc6 Ra7
38.Bd6 Qe2 39.Nc3 Qa6 40.Qxa6 Rxa6 41.Rd1 Bf6 42.Kb1 g5 43.Bc4 Rc6 44.Bb5 Rc8
45.Ba6 Ra8 46.Bd3+ Kg8 47.a4 h5 48.Bc7 g4 49.Rf1 Kf7 50.Rh1  1/2-1/2

[Event "10th EICC"]
[Site "Budva MNE"]
[Date "2009.03.17"]
[Round "11"]
[White "Perunovic,Mil"]
[Black "Beliavsky,A"]
[Result "1/2-1/2"]
[WhiteElo "2568"]
[BlackElo "2646"]

1.e4 e5 2.Nf3 Nc6 3.Bb5 a6 4.Ba4 Nf6 5.O-O Be7 6.d3 d6 7.c3 O-O 8.Nbd2 Bg4
9.h3 Bh5 10.Re1 Nd7 11.Nf1 Nc5 12.Bc2 Ne6 13.Ng3 Bxf3 14.Qxf3 Bg5 15.Be3 g6
16.Rad1 Bxe3 17.fxe3 Ng5 18.Qe2 h5 19.Rf1 Kg7 20.Rf2 Nh7 21.Rdf1 Qg5 22.Rf3 h4
23.Nh1 Qh5 24.Qe1 Ng5 25.Rf6 Ne7 26.Bd1 Qh7 27.Bb3 Ng8 28.R6f2 Qh5 29.Bd1 Qh6
30.Qe2 Rae8 31.Qg4 Nh7 32.Bb3 Re7 33.Kh2 Ngf6 34.Qe2 Nh5 35.Qg4 N7f6 36.Qe2 Qg5
37.Rf3 c6 38.g4 hxg3+ 39.Nxg3 Nxg3 40.Rxg3 Qh4 41.Qf2 Rh8 42.Qg2 Nd7 43.Qf2 Nf6
44.Qg2 Nd7 45.Qf2 Nf6 46.Qg2 Nd7 47.Qf2  1/2-1/2

[Event "TCh-AUT 1st Bundesliga 2008-9"]
[Site "Ansfelden AUT"]
[Date "2009.03.20"]
[Round "9"]
[White "Gustafsson,J"]
[Black "Beliavsky,A"]
[Result "1-0"]
[WhiteElo "2634"]
[BlackElo "2646"]

1.d4 Nf6 2.c4 e6 3.Nf3 b6 4.g3 Ba6 5.Qa4 Bb7 6.Bg2 c5 7.dxc5 Bxc5 8.O-O O-O
9.Nc3 Nc6 10.Rd1 Rc8 11.Bf4 Be7 12.Rac1 Na5 13.Nb5 a6 14.Nd6 Bc6 15.Qc2 Bxd6
16.Bxd6 Re8 17.b3 Nb7 18.Be5 h6 19.Qb2 Qe7 20.Qd4 b5 21.cxb5 Bxb5 22.Qb6 d5
23.Bxf6 gxf6 24.Nd4 Nd6 25.a4 Rb8 26.Qa5 Bd7 27.Qxa6 Ra8 28.Qd3 f5 29.Qe3 Qf6
30.Rc7 Red8 31.Rdc1 Be8 32.Nf3 Rdb8 33.Qd4 Qxd4 34.Nxd4 Rb4 35.e3 Kf8 36.f4 Nb7
37.Bf1 Na5 38.R1c3 Rab8 39.Bb5 Bxb5 40.axb5 Rb7 41.Rc8+ Kg7 42.Ra8 R4xb5
43.Nxb5 Rxb5 44.Rc7 Nxb3 45.Raa7 Nc5 46.Rxf7+ Kg6 47.Rg7+ Kh5 48.Ra2 Rb1+
49.Kg2 Re1 50.Kf3 Rf1+ 51.Rf2 Rh1 52.Rc2 Nd3 53.Rc3 e5 54.fxe5 Nxe5+ 55.Kf4 Ng4
56.Kxf5 Nxh2 57.Rc5 Rf1+ 58.Ke6 Nf3 59.Kxd5 Rg1 60.Rc4 Rd1+ 61.Kc5 Rh1 62.Rf4 Ng5
63.Kd5 Rd1+ 64.Ke5 Nf3+ 65.Ke4  1-0

[Event "TCh-AUT 1st Bundesliga 2008-9"]
[Site "Ansfelden AUT"]
[Date "2009.03.22"]
[Round "11"]
[White "Weiss,C"]
[Black "Beliavsky,A"]
[Result "1/2-1/2"]
[WhiteElo "2424"]
[BlackElo "2646"]

1.d4 Nf6 2.c4 e6 3.Nc3 Bb4 4.e3 O-O 5.Ne2 d5 6.a3 Be7 7.cxd5 exd5 8.Ng3 Re8
9.Bd3 a5 10.O-O c6 11.Re1 Na6 12.b3 Nc7 13.Bb2 Bf8 14.Qc2 g6 15.Na4 Ne6 16.Nc5 Ng7
17.h3 Nfh5 18.Nxh5 Nxh5 19.Be2 Ng7 20.Bf3 Nf5 21.g3 Nd6 22.Bg2 Bf5 23.Qd1 h5
24.Rc1 Qc8 25.Kh2 Qc7 26.Kg1 Rad8 27.a4 Ne4 28.Nxe4 Bxe4 29.f3 Bf5 30.g4 hxg4
31.hxg4 Bc8 32.f4 Qe7 33.Bf3 Qf6 34.Kg2 Re6 35.g5 Qe7 36.Kf2 Re8 37.Qd3 Qd8
38.Re2 Bd6 39.Rh1 Kg7 40.Ree1 Rh8 41.Rxh8 Qxh8 42.Rh1 Qd8 43.Bc1 Re8 44.e4 dxe4
45.Bxe4 Rh8 46.d5 Rxh1 47.Bxh1 Kg8 48.Be3 Bf5 49.Be4 Bxe4 50.Qxe4 cxd5 51.Qxd5 Qc7
52.Kf3 Bb4 53.Bd4 Qc8 54.Qe5 Qh3+ 55.Kf2 Qh2+ 56.Kf1 Qh1+  1/2-1/2